Triple talaq/ (Record no. 171453)

MARC details
000 -LEADER
fixed length control field 00537nam a22001817a 4500
005 - DATE AND TIME OF LATEST TRANSACTION
control field 20200114105129.0
010 ## - LCCN (DPL NO)
LC control number ENG-127403
020 ## - INTERNATIONAL STANDARD BOOK NUMBER
International Standard Book Number 9780199487400
Terms of availability 395.00
035 ## - SYSTEM CONTROL NUMBER
System control number EN-110935
037 ## - SOURCE OF ACQUISITION
Source of stock number/acquisition DBAD/PUB
082 ## - DEWEY DECIMAL CLASSIFICATION NUMBER
Classification number 346.540166
100 ## - MAIN ENTRY--PERSONAL NAME
Personal name Khurshid,Salman
245 ## - TITLE STATEMENT
Title Triple talaq/
Statement of responsibility, etc by Salman Khurshid
260 ## - PUBLICATION, DISTRIBUTION, ETC. (IMPRINT)
Place of publication, distribution, etc New Delhi
Name of publisher, distributor, etc Oxford university press
Date of publication, distribution, etc 2018
270 ## - ADDRESS
Address 2/11 Ground floor,Ansari Road,Daryaganj
City New Delhi
Postal code 110002
300 ## - PHYSICAL DESCRIPTION
Extent 241p.
Dimensions 22cm(hb)
942 ## - ADDED ENTRY ELEMENTS (KOHA)
Source of classification or shelving scheme Dewey Decimal Classification
Item type English Books
Classification part 346.540166
Call number suffix KHU
Holdings
Withdrawn status Lost status Not for loan Collection code Home library Current library Date acquired Source of acquisition Cost, normal purchase price Full call number Barcode Copy number Cost, replacement price Koha item type
      Non-fiction Shahdara Branch Shahdara Branch 14/01/2020 DBAD/PUB 395.00 346.540166 KHU EN-110935 1 395.00 English Books

© Delhi Public Library
Hit Counter
free hit counter